000 00486nam a2200145Ia 4500
008 191023s9999 xx 000 0 und d
020 _a9781337094641
100 _aBrannon, Linda.
245 _cLinda Brannon, John A. Updegraff, Jess Feist.--
_aHealth psychology :
_ban introduction to behavior and health /
250 _a9th ed
260 _aUSA :
_bCengage Learning
_c2018
300 _axvii, 531 pages.
650 _aClinical health psychology
650 _aMedicine -- Psychosomatic
999 _c362330
_d362330